01018nam a2200205 a 4500008004100000020001500041050001400056100002100070245005800091260003200149300002000181350000900201650001300210650002800223995014800251995014800399999001700547952012400564952012400688120416s1983 ||||||||||||||||| || u a0070370788 aHD 57 Whi aLehrer, Robert N10aWhite collar productivitycedited by Robert N. Lahrer aNew YorkbMcGraw-Hillc1983 aix, 362p. : ill a0.00 aINDUSTRY aINDUSTRIAL PRODUCTIVITY aANNEX COLLECTION (Main Library)D0.00e708228FCBU-MAIN LIBRARY (Kitwe)H1I29.95jHD 57 WhiM2UAVAILABLEy003558ZAnnex Low-Usage Collection  aANNEX COLLECTION (Main Library)D0.00e708227FCBU-MAIN LIBRARY (Kitwe)H2I29.95jHD 57 WhiM1UAVAILABLEy003556ZAnnex Low-Usage Collection  c83117d83117 00102lcc4070a001b001cAnnex Low-Usage Collectiond2023-10-25l0oHD 57 Whip003558r2023-10-25t1w2023-10-25y002 00102lcc4070a001b001cAnnex Low-Usage Collectiond2023-10-25l0oHD 57 Whip003556r2023-10-25t2w2023-10-25y002